Catálogo - Centro de Recursos para el Aprendizaje y la Investigación

Volver al Sitio - CRAI Biblioteca

100 preguntas relevantes para la economía dominicana / (Registro nro. 113884)

Detalles MARC
000 -CABECERA
campo de control de longitud fija 01090nam a2200241Ia 4500
001 - NÚMERO DE CONTROL
campo de control 113884
003 - IDENTIFICADOR DEL NÚMERO DE CONTROL
campo de control DR-UNIBE
005 - FECHA Y HORA DE LA ÚLTIMA TRANSACCIÓN
campo de control 20260602155642.0
008 - DATOS DE LONGITUD FIJA--INFORMACIÓN GENERAL
campo de control de longitud fija 250716s2020 dr a spa c
020 ## - NÚMERO INTERNACIONAL ESTÁNDAR DEL LIBRO
Número Internacional Estándar del Libro 97899454629217
040 ## - FUENTE DE LA CATALOGACIÓN
Centro catalogador/agencia de origen BIBLIOTECA UNIBE
Centro/agencia transcriptor BIBLIOTECA UNIBE
Normas de descripción rda
041 ## - CÓDIGO DE LENGUA
Código de lengua del texto/banda sonora o título independiente spa
082 0# - NÚMERO DE LA CLASIFICACIÓN DECIMAL DEWEY
Número de clasificación RD 330.97293 B213p
110 ## - ENTRADA PRINCIPAL--NOMBRE DE ENTIDAD CORPORATIVA
Nombre de entidad corporativa o nombre de jurisdicción como elemento de entrada Banco Central de la República Dominicana
9 (RLIN) 3545
Término indicativo de función/relación autor
245 10 - MENCIÓN DE TÍTULO
Título 100 preguntas relevantes para la economía dominicana /
Mención de responsabilidad, etc. Banco Central de la República Dominicana
260 #1 - PUBLICACIÓN, DISTRIBUCIÓN, ETC.
Lugar de publicación, distribución, etc. Santo Domingo :
Nombre del editor, distribuidor, etc. Banco Central de la República Dominicana,
Fecha de publicación, distribución, etc. 2020
300 ## - DESCRIPCIÓN FÍSICA
Extensión 321 páginas :
Otras características físicas gráficos
505 ## - NOTA DE CONTENIDO CON FORMATO
Nota de contenido con formato I. Política monetaria | <br/>II. Inflación | <br/>III. Crecimiento y empleo |<br/>IV. Expectativas y proyecciones macroeconómicas |<br/>V. Sector financiero | <br/>VI. Tipo de cambio, sector externo y balanza de pagos |<br/>VII. Política fiscal | <br/>VIII. COVID-19 |<br/>
650 #7 - PUNTO DE ACCESO ADICIONAL DE MATERIA--TÉRMINO DE MATERIA
Término de materia o nombre geográfico como elemento de entrada Economía
Subdivisión geográfica República Dominicana
9 (RLIN) 1462
Fuente del encabezamiento o término lemb
650 #7 - PUNTO DE ACCESO ADICIONAL DE MATERIA--TÉRMINO DE MATERIA
Término de materia o nombre geográfico como elemento de entrada Cuestión monetaria
Subdivisión geográfica República Dominicana
9 (RLIN) 218180
951 ## - EQUIVALENCIA O REFERENCIA-CRUZADA--NOMBRE GEOGRÁFICO/NOMBRE DE ÁREA [OBSOLETO] [solamente CAN/MARC]
Nombre geográfico 20101203 08:22:23
942 ## - ELEMENTOS DE PUNTO DE ACCESO ADICIONAL (KOHA)
Tipo de ítem Koha Libro (general)
Fuente del sistema de clasificación o colocación Sistema de Clasificación Decimal Dewey
Existencias
Estado de retiro Estado de pérdida Fuente del sistema de clasificación o colocación No para préstamo Código de colección Localización permanente Ubicación/localización actual Fecha de adquisición Total de préstamos Signatura topográfica completa Código de barras Fecha visto por última vez Número de copia Precio válido a partir de Tipo de ítem Koha
  Disponible Sistema de Clasificación Decimal Dewey   General - Libros dominicanos Biblioteca Central UNIBE Biblioteca Central UNIBE 16/07/2025   RD 330.97293 B213p 250912 16/07/2025 Ej. 1 16/07/2025 Libro (general)